000 00458nam a2200157 i 4500
001 26038
003 ES-MaACL
005 20230906153357.0
007 t|
008 030107s1972 sp ||||1| spa d
100 1 _aArteche, José de.
_923442
245 1 0 _aCanto a Joxe
_b: in memoriam /
_cJosé de Arteche.
260 _aSan Sebastián :
_bCaja de Ahorros Municipal,
_c[1972]
300 _a160 p., 5 lám. ;
_c24 cm.
852 _aES-MaACL
_jC-46122
_bR.83682
999 _c26038
_d26038